000 00535nam a2200217Ia 4500
008 170918s9999 xx 000 0 und d
020 _a9780062291011
050 _bL868 2013
100 _aLore, Pittacus
245 4 _aThe fall of five :
245 _bbook four of the Lorien legacies /
245 _cby Pittacus Lore.
250 _aFirst edition
260 _aNew York :
260 _bHarper,
260 _c2013
300 _a355 pages :
300 _billustrations ;
300 _c21cm.
300 _eI am number Four.
999 _c343591
_d343591